000 00248nam a2200109Ia 4500
008 190216s9999||||xx |||||||||||||| ||und||
100 _aNull
245 0 _aSubbanna
260 _bSree Narasimha Vialsam Book Depo
650 _aMalayalam
942 _cBK
999 _c23963
_d23963